Lyrics to 'Bloom' by The Paper Kites - Statistics

General Stats
  • This quiz has been taken 11 times
  • The average score is 137 of 153
Answer Stats
Answer % Correct
a
100%
And
100%
be
100%
I
100%
In
100%
in
100%
morning
100%
the
100%
wake
100%
when
100%
When
100%
you
100%
But
89%
Can
89%
can't
89%
close
89%
down
89%
fill
89%
get
89%
head
89%
is
89%
it
89%
letter
89%
my
89%
Of
89%
Oh
89%
oh
89%
out
89%
sun
89%
to
89%
try
89%
with
89%
write
89%
are
78%
coming
78%
fields
78%
gold
78%
lungs
78%
painted
78%
pieces
78%
pulls
78%
Shall
78%
sleeping
78%
song
78%
sweetness
78%
through
78%
Where
78%
whole
78%
world
78%
almost
67%
day
67%
evening
67%
filled
67%
memories
67%
moment
67%
take
67%
told
67%
trees
67%
feelings
56%
never
56%
No matching quizzes found
Score Distribution
Percent of People with Each Score
Percentile by Number Answered
Your Score History
You have not taken this quiz